000 00901nam a22002657a 4500
003 0
005 20180727130755.0
008 0
010 _aB-58826
020 _a8174451560
_c460.00
035 _aB-58826, B-058827
037 _bCen Lib/Ret
040 _aDPL
_bEN
_c0
082 _a307.72
_bKOL
100 _aKolay,Swapan Kumar
_93919
245 _aEcology,economy and tribal development /
_cby Swapan Kumar Kolay
260 _aNew Delhi
_bMohit Publications
_c2001
270 _a4675/21,Ansari Road,Dariya Ganj
_bNew Delhi
_e110002
300 _avii,213p.
_c22cm(Hb)
500 _aIncludes index
650 _aTribal Panorama-India
_93920
650 _aSocio-Economic Observations-Tribals-India
_93921
650 _aसामाजिक-आर्थिक टिप्पणियों-आदिवासियों-भारत
_93922
942 _2ddc
_cEN
_h307.72
_mKOL
999 _c123059
_d123059